| 000 | 01158nam a2200313 u 4500 | ||
|---|---|---|---|
| 001 | 000021178 | ||
| 005 | 20200930011245.0 | ||
| 008 | 100901s1970 ve a r 000 | spa d | ||
| 040 |
_aDO-SdBNP _bspa _cBNPHU |
||
| 082 |
_axxx _bE82d |
||
| 245 | 1 | 0 |
_aLa estructura de las clases / _cKingsley Davis...[et al.], traducción de Alicia Dujovne Ortíz; introducción Gláucio Ary Dillon Soares. |
| 260 |
_aCaracas : _bTiempo Nuevo, _c1970. |
||
| 300 |
_a207 p. , : _bil. ; _c20 cm. |
||
| 490 |
_aLabor; _v23 |
||
| 500 | _aIncluye índice de nombres | ||
| 500 | _aIncluye referencias bibliográficas al pie de páginas | ||
| 534 |
_aTítulo de la obra original : _tLa trame géologique de l'histoire humaine |
||
| 700 | 1 |
_aDujovne Ortíz, Alicia _etr. _944271 |
|
| 700 | 1 |
_aDillon Soares, Gláucio Ary _eintrod. _944272 |
|
| 700 | 1 |
_aMoore, Wilbert E. _944273 |
|
| 700 | 1 |
_aBendix, Reinhard _944274 |
|
| 700 | 1 |
_aOssowski, Stanislaw _944275 |
|
| 700 | 1 |
_aPirenne, Henri _944276 |
|
| 700 | 1 |
_aBrutzkus, Boris _944277 |
|
| 700 | 1 |
_aFallers, Lloyd A. _944278 |
|
| 700 | 1 |
_aLipset, Seymour Martin _944279 |
|
| 700 | 1 |
_aEberhard, Wolfram _944280 |
|
| 049 | _aBNGR | ||
| 999 |
_c20679 _d20679 |
||